| 000 | 00731nam a2200217 a 4500 | ||
|---|---|---|---|
| 001 | 000048726 | ||
| 003 | OSt | ||
| 005 | 20201002061347.0 | ||
| 008 | 190410s2019 dr 000 0 spa d | ||
| 020 | _a9789945912395 | ||
| 040 |
_aDO-SdBNP _bspa _cBNPHU |
||
| 082 |
_axx _bxx |
||
| 100 | 1 |
_aRodríguez, Monchy _d1959- _976182 |
|
| 245 | 1 | 0 |
_aResponsabilidad social en el sector tabacalero / _cMonchy Rodríguez ; prólogo Anneri Abreu. |
| 260 |
_aSan José de las Matas, República Dominicana : _bOPUS, _c2019. |
||
| 300 |
_a196 p. : _bil. ; _c23 cm. |
||
| 500 | _aIncluye datos biográficos del autor en la solapa de la cubierta | ||
| 590 | _aInventariado, 2019/VM | ||
| 700 | 1 |
_a Abreu, Anneri _epról. _976183 |
|
| 942 |
_2ddc _cLF1 |
||
| 999 |
_c48214 _d48214 |
||